000
00236nam a2200097Ia 4500
001
691459
005
20250826161836.0
008
250824s9999 xx 000 0 und d
245
0
_a
CEM SULTAN
_c
A. TURAN OFLAZOĞLU
260
_b
İZ YAYINLARI
999
_c
691459
_d
691459